Normal view MARC view
  • Nayak N C Ed

Entry Personal Name

Number of records used in: 1

001 - CONTROL NUMBER

  • control field: 24716

003 - CONTROL NUMBER IDENTIFIER

  • control field: OSt

005 - DATE AND TIME OF LATEST TRANSACTION

  • control field: 20220803172341.0

008 - FIXED-LENGTH DATA ELEMENTS

  • fixed length control field: 220803|| aca||aabn | a|a d

040 ## - CATALOGING SOURCE

  • Original cataloging agency: OSt
  • Transcribing agency: OSt

100 ## - HEADING--PERSONAL NAME

  • Personal name: Nayak N C Ed

670 ## - SOURCE DATA FOUND

  • Source citation: Work cat.: (OSt)15610: Nayak N C Ed., Economic Reforms Human Welfare And Sustainable Development In India, 2007